00553nam a22001697a 450000500170000001000150001702000250003203500130005703700130007008200100008324501270009326000300022027000680025030000250031870000210034370000190036420140728115715.0 aENG-110076 a9789380607979c98.00 aEN-93609 bDBAD/PUB a880.8 aIndian writing in English :cedited by Anjana Neira Dev [and] Amrita Bhallaban anthology of prose and poetry selections / aDelhibPrimus Booksc2013 aVirat Bhavan, Mukherjee Nagar Commercial ComplexbDelhie110009 avi,179p. c22cm(pbk) aAnjana Neira Dev aBhalla,Amrita